000 00886nam a2200265 a 4500
001 BRL_1635
005 20190320211312.0
008 060116s1958----mx-ab#####---#000-0#spa-#
041 _aspa
044 _amx
050 4 _aF1221.T25
_b.D86 1958
100 1 _aDunne, Peter Masten
_d1889-1957
_927502
245 1 0 _aLas antiguas misiones de La tarahumara
_cPeter Masten Dunne ; traducción de Manuel Ocampo.
260 _aMéxico
_bEditorial Jus
_c1958
300 _a2 v.
_bil., mapas
_c24 cm.
440 0 _aFiguras y episodios de la historia de México
_v56-57
_927503
500 _av.1 Au1859, v.2 Au1858
500 _aTraducción de: Early Jesuit Missions in Tarahumara.
504 _aBibliografía: v.1, p. 13-16
650 1 4 _aTarahumaras
_xMisiones
_927504
650 1 4 _aTarahumaras
_xHistoria
_927505
700 1 _aOcampo, Manuel
_etr.
_927506
902 _aGRL
942 _2lcc
_cB
999 _c10444
_d10444